| 000 | 00000nam 2200000zi 4500 |
| 001 | 9.931328 |
| 003 | CaOODSP |
| 005 | 20231212144230 |
| 006 | m o d f |
| 007 | cr |n||||||||| |
| 008 | 231211s2021 onc o f000 0 fre d |
| 040 | |aCaOODSP|bfre|erda|cCaOODSP |
| 043 | |an-cn--- |
| 086 | 1 |aNG21-9/2021F-PDF |
| 245 | 03|aLa politique de dénomination. |
| 246 | 37|aMusée des beaux-arts du Canada – la politique de dénomination |
| 264 | 1|a[Ottawa] : |bMusée des beaux-arts du Canada = National Gallery of Canada, |c[2021] |
| 300 | |a1 ressource en ligne (6 pages) |
| 336 | |atexte|btxt|2rdacontent/fre |
| 337 | |ainformatique|bc|2rdamedia/fre |
| 338 | |aressource en ligne|bcr|2rdacarrier/fre |
| 500 | |aTitre de la couverture. |
| 500 | |a« Le conseil d’administration du MBAC a approuvé cette politique le 9 mars 2021. »--page couverture. |
| 500 | |aPublié aussi en anglais sous le titre : Naming policy. |
| 610 | 20|aMusée des beaux-arts du Canada. |
| 650 | 6|aDonations|xPolitique gouvernementale|zCanada. |
| 710 | 2 |aMusée des beaux-arts du Canada, |eorganisme de publication. |
| 775 | 08|tNaming policy.|w(CaOODSP)9.931327 |
| 856 | 40|qPDF|s101 Ko|uhttps://publications.gc.ca/collections/collection_2023/mbac-ngc/NG21-9-2021-fra.pdf |